Statistiken für Sportquiz

Klicken Sie hier um das Quiz zu spielen!

Allgemein

  • Dieses Quiz wurde 266 mal gespielt
  • Das Durchschnittsergebnis liegt bei 20 aus 33

Antwortstatistiken

HintAntwort% Korrekt
Welcher Fußballspieler gewann bisher die meisten Ballon d'Or ?Lionel Messi
99%
Das Team mit den meisten Champions-League-TitelnReal Madrid
84%
Wie heißt das größte Stadion Deutschlands ?Signal Iduna Park
84%
Mit welchem Alter gab der Fußballer Lukas Podolski sein Debüt in der Nationalmannschaft?19
83%
Welcher Spieler erzielte das berühmte Tor per Hand, das ihm den Spitznamen "Hand Gottes" verliehDiego Maradona
82%
Welcher Verein war kein Gründungsmitglied der Bundesliga ? Eintracht Braunschweig, Preußen Münster, Vfl Bochum, 1860 München, Hertha BSCVfl Bochum
79%
Wer ist der ewige WM-Torschützenkönig?Miroslav Klose
77%
In welchem Land fand die erste Fußball-WM statt ?Uruguay
76%
Aus welcher Stadt stammt die Fußballmannschaft Feyenoord ?Rotterdam
75%
Für welchen Verein bestritt Paolo Maldini
647 Spiele?
AC Mailand
74%
Wie heißt dieser Fußballspieler ? FC Chelsea - Belgien - MittelstürmerRomelu Lukaku
74%
Die WM 2010 wurde in ... ausgetragenSüdafrika
74%
Welche Fußballmannschaft ist unter dem Namen "Die Roten Teufel" bekannt ?1. FC Kaiserslautern
73%
Welches Land wurde 2004 Europameister?Griechenland
73%
Zlatan Ibrahimovic erzielte gegen England einen ikonischen Fallrückzieher, wann war das?2012
72%
Wie heißt dieser Fußballtrainer ? Alle Vereine bei denen er Trainer war: AC Reggiana -> AC Parma -> Juventus Turin -> AC Mailand -> FC Chelsea -> Paris Saint-Germain -> Real Madrid -> FC Bayern München -> SSC Neapel- > FC Everton -> Real MadridCarlo Ancelotti
70%
Wer ist dieser Fußballspieler ? Weltmeister 2014 (ohne Einsatz), etablierte sich damals bei Hannover 96 zu einem Top-Keeper der 1. Bundesliga, stand auch kurz beim Premier League-Gewinner der Saison 2015/16 unter VertragRon-Robert Zieler
66%
In welchem Team haben diese Spieler alle gespielt (nicht zur gleichen Zeit) ? Heung-Min Son, Ivica Olic, Rene Adler, Hakan CalhanogluHamburger SV
63%
Wie wird das Spiel zwischen Borussia Dortmund und FC Schalke 04 noch genannt ?Revierderby
62%
Wie heißt dieser Fußballspieler ? Alle Vereine bei denen er spielte (1998-2015): Grêmio Porto Alegre -> Paris Saint-Germain -> FC Barcelona -> AC Mailand -> Flamengo Rio de Janeiro -> Atlético Mineiro -> Querétaro Fútbol Club -> Fluminense Rio de JaneiroRonaldinho
60%
Wie heißt der erste deutsche Meister der Fußball Bundesliga1. FC Köln
58%
Wie heißt dieser Fußballspieler ? Alle Vereine bei denen er spielte (2006 -): Cerezo Osaka -> Borussia Dortmund -> Manchester United -> Borussia Dortmund -> Beşiktaş Istanbul -> Real Saragossa -> PAOK Thessaloniki -> VV St. Truiden -> Cerezo OsakaShinji Kagawa
58%
Wer ist aktueller Präsident der FIFA (Stand 08/2023)?Gianni Infantino
57%
Mit welchem Ergebnis gewann der BVB das Pokalfinale 2012 gegen den FCB?5:2
55%
Welcher spanische Nationalspieler bestritt die meisten Länderspiel ?Sergio Ramos
52%
Welcher Club stieg 2016 zum ersten mal in die Bundesliga auf?RB Leipzig
49%
Wer schoss den härtesten Schuss (202 km/h) in der Geschichte?Roberto Carlos
44%
Zidane verteilte im Finale 2006 einen Kopfstoß, wer war das "Opfer"?Marco Materazzi
41%
Nenne einen der beiden Vereine, die mit einem 8:4 im November 2016 das torreichste Champions-League-Spiel bestrittenBorussia Dortmund / Legia Warschau
32%
In welcher Arena spielt der SV Darmstadt?Merck-Stadion am Böllenfalltor
29%
In welchem Stadion spielte Borussia Dortmund, bevor das Westfalenstadion gebaut wurde?Rote Erde
26%
Wie hoch war die höchste Anzahl an Eigentoren in einem Spiel (viel)149
8%
Von welchem Fußballspieler ist dieses Zitat ? "Mal verliert man und mal gewinnen die anderen"Otto Rehhagel
4%

Verteilung der Resultate

Perzentil nach korrekt beantworteten Fragen

Anzahl Personen mit jedem Resultat

Ihre Resultats-Entwicklung

Sie haben dieses Quiz noch nicht gespielt